Online
Catalog

La heráldica de Pedro IV y Juan I en el Palacio Real de la Aljafería / (Record no. 10312)

MARC details
000 -CABECERA
campo de control de longitud fija 01132cam a2200277 a 4500
001 - NÚMERO DE CONTROL
campo de control 000010554
005 - FECHA Y HORA DE LA ÚLTIMA TRANSACCIÓN
campo de control 20200929162240.0
008 - DATOS DE LONGITUD FIJA--INFORMACIÓN GENERAL
campo de control de longitud fija 990520s1996 sp a b 000 0 spa
020 ## - NÚMERO INTERNACIONAL ESTÁNDAR DEL LIBRO
Número Internacional Estándar del Libro 847820332X
040 ## - FUENTE DE LA CATALOGACIÓN
Centro catalogador/agencia de origen DO-SdBNP
Lengua de catalogación spa
Centro/agencia transcriptor DLC
Centro/agencia modificador BNPHU
082 ## - NÚMERO DE LA CLASIFICACIÓN DECIMAL DEWEY
Número de clasificación 929.6
Número de documento/Ítem M379h
049 ## - FONDOS LOCALES (OCLC)
Fondos de biblioteca BNGR
100 1# - ENTRADA PRINCIPAL--NOMBRE DE PERSONA
Nombre de persona Martín-Bueno, Manuel.
9 (RLIN) 25607
245 13 - MENCIÓN DE TÍTULO
Título La heráldica de Pedro IV y Juan I en el Palacio Real de la Aljafería /
Mención de responsabilidad, etc. Manuel Martín-Bueno, J. Carlos Sáenz Preciado y Alfonso Monforte Espallargas.
260 ## - PUBLICACIÓN, DISTRIBUCIÓN, ETC.
Lugar de publicación, distribución, etc. Zaragoza, España :
Nombre del editor, distribuidor, etc. Institución Fernando el Católico,
Fecha de publicación, distribución, etc. 1996.
300 ## - DESCRIPCIÓN FÍSICA
Extensión 96 p. :
Otras características físicas il. ;
Dimensiones 30 cm.
504 ## - NOTA DE BIBLIOGRAFÍA, ETC.
Nota de bibliografía, etc. Incluye Referencias bibliográficas p. 65-67.
651 #4 - PUNTO DE ACCESO ADICIONAL DE MATERIA--NOMBRE GEOGRÁFICO
Nombre geográfico Aragón (España{Rpara}
Subdivisión general Reyes Y Gobernates
-- Heráldica
9 (RLIN) 25608
650 #4 - PUNTO DE ACCESO ADICIONAL DE MATERIA--TÉRMINO DE MATERIA
Término de materia o nombre geográfico como elemento de entrada Heráldica
Subdivisión geográfica Aragón España
9 (RLIN) 25609
610 24 - PUNTO DE ACCESO ADICIONAL DE MATERIA--NOMBRE DE ENTIDAD CORPORATIVA
Nombre de entidad corporativa o nombre de jurisdicción como elemento de entrada ALJAFERÍA (ZARAGOZA, ESPAÑA).
9 (RLIN) 25610
600 14 - PUNTO DE ACCESO ADICIONAL DE MATERIA--NOMBRE DE PERSONA
Nombre de persona PEDRO
Numeración IV,
Títulos y otros términos asociados al nombre REY DE ARAGÓN
Fechas asociadas al nombre 131?-1387.
9 (RLIN) 25611
600 14 - PUNTO DE ACCESO ADICIONAL DE MATERIA--NOMBRE DE PERSONA
Nombre de persona JUAN
Numeración I,
Títulos y otros términos asociados al nombre REY DE ARAGÓN
Fechas asociadas al nombre 1350-1396.
9 (RLIN) 25612
700 1# - PUNTO DE ACCESO ADICIONAL--NOMBRE DE PERSONA
Nombre de persona Sáenz Preciado, J. Carlos.
9 (RLIN) 25613
700 1# - PUNTO DE ACCESO ADICIONAL--NOMBRE DE PERSONA
Nombre de persona Monforte Espallargas, Alfonso.
9 (RLIN) 25614
910 ## - DATOS DE OPCIÓN DEL USUARIO (OCLC)
Datos de opción del usuario Catalogación por copia / LC
Holdings
Estado de retiro Estado de pérdida Restricciones de uso No para préstamo Código de colección Localización permanente Ubicación/localización actual Ubicación en estantería Fecha de adquisición Número de inventario Total de préstamos Signatura topográfica completa Código de barras Fecha visto por última vez Precio válido a partir de Tipo de ítem Koha
        Monografías: Libros y Folletos General General En catalogación 07.10.2009 LF1   929.6 M379h 10554-10 25.06.2020 25.06.2020 Préstamo en sala

Powered by Koha